| 000 -LEADER |
| fixed length control field |
00727nam a2200229 a 4500 |
| 001 - CONTROL NUMBER |
| control field |
4228 |
| 003 - CONTROL NUMBER IDENTIFIER |
| control field |
BD-DhUAP |
| 005 - DATE AND TIME OF LATEST TRANSACTION |
| control field |
20200128131033.0 |
| 008 - FIXED-LENGTH DATA ELEMENTS--GENERAL INFORMATION |
| fixed length control field |
200128s20001999bg 000 0 eng |
| 020 ## - INTERNATIONAL STANDARD BOOK NUMBER |
| International Standard Book Number |
9840514636 |
| 040 ## - CATALOGING SOURCE |
| Original cataloging agency |
BD-DhUAP |
| Transcribing agency |
BD-DhUAP |
| Modifying agency |
BD-DhUAP |
| Language of cataloging |
Eng |
| 082 00 - DEWEY DECIMAL CLASSIFICATION NUMBER |
| Classification number |
954.9205 KIB |
| Edition number |
23 |
| 100 1# - MAIN ENTRY--PERSONAL NAME |
| Personal name |
Kibria, Shah A. M. S. |
| 9 (RLIN) |
11853 |
| 245 10 - TITLE STATEMENT |
| Title |
Bangladesh at the crossroads / |
| Statement of responsibility, etc. |
Shah A.M.S. Kibria. |
| 260 ## - PUBLICATION, DISTRIBUTION, ETC. |
| Place of publication, distribution, etc. |
Bangladesh : |
| Name of publisher, distributor, etc. |
University Press, |
| Date of publication, distribution, etc. |
c1999 [Reprinted 2000]. |
| 300 ## - PHYSICAL DESCRIPTION |
| Extent |
xii, 365 pages ; |
| Dimensions |
22 cm. |
| 651 #0 - SUBJECT ADDED ENTRY--GEOGRAPHIC NAME |
| Geographic name |
Bangladesh |
| General subdivision |
Politics and government |
| Chronological subdivision |
1971 |
| 9 (RLIN) |
11981 |
| 651 #0 - SUBJECT ADDED ENTRY--GEOGRAPHIC NAME |
| Geographic name |
Bangladesh |
| General subdivision |
Economic conditions. |
| 9 (RLIN) |
6034 |
| 651 #0 - SUBJECT ADDED ENTRY--GEOGRAPHIC NAME |
| Geographic name |
Bangladesh |
| General subdivision |
Social conditions. |
| 9 (RLIN) |
10911 |
| 942 ## - ADDED ENTRY ELEMENTS (KOHA) |
| Source of classification or shelving scheme |
|
| Koha item type |
Book |